000 00348nam a2200145Ia 4500
003 OSt
008 191201s2013 xx 000 0 und d
100 _aBRUEGGE, Bernd
245 0 _aObject Oriented Software Engineering Using UML
250 _aIMP
260 _aN. Delhi
_bPearson
_c2013
300 _a802
650 _aM.Tech(CSE)
942 _2ddc
_cBK
999 _c5797
_d5797